Podios T3 Carrera profesional 2J - Estadísticas

Estadísticas generales
  • Esta prueba ha sido intentada 7 veces
  • La puntuación promedio es 32 de 40
Estadísticas de respuestas
Race(position) Driver % Correcto
Brazil (2º) Carlos Sainz
100%
Australia (1º) Charles Leclerc
100%
Azerbaijan (1º) Charles Leclerc
100%
Miami (2º) Charles Leclerc
100%
Abu Dabhi (3º) Charles Leclerc
100%
Imola (1º) George Russell
100%
Spain (1º) George Russell
100%
Belgium (2º) George Russell
100%
Italy (2º) George Russell
100%
Abu Dabhi (2º) George Russell
100%
Austria (3º) George Russell
100%
Belgium (3º) Max Verstappen
100%
Brazil (1º) Sergio Pérez
100%
Abu Dabhi (1º) Sergio Pérez
100%
Imola (2º) Sergio Pérez
100%
Spain (2º) Sergio Pérez
100%
Australia (3º) Sergio Pérez
100%
Miami (3º) Sergio Pérez
100%
Abu Dabhi (FL) Sergio Pérez
100%
Azerbaijan (3º) Yuki Tsunoda
100%
Azerbaijan (2º) Esteban Ocon
75%
Spain (3º) Kevin Magnussen
75%
Italy (3º) Kevin Magnussen
75%
Italy (1º) Lando Norris
75%
Australia (2º) Lando Norris
75%
Imola (3º) Lando Norris
75%
Azerbiajan (FL) Lando Norris
75%
Austria (FL) Lando Norris
75%
Austria (2º) Alcaraz
50%
Australia (FL) Alcaraz
50%
Imola (FL) Alcaraz
50%
Belgium (FL) Alcaraz
50%
Brazil (FL) Alcaraz
50%
Miami (1º) Moya
50%
Austria (1º) Moya
50%
Belgium (1º) Moya
50%
Miami (FL) Moya
50%
Spain (FL) Moya
50%
Italy (FL) Moya
50%
Brazil (3º) Zhou Guanyu
25%
No se encontraron pruebas coincidentes
Distribución de puntuación
Porcentaje de gente con cada puntuación
Porcentaje por número respondido
Historial de tus puntuaciones
No has intentado esta prueba.